Динамика электронного пучка в бетатроне с азимутальной вариацией поля в начале процесса вывода; Физико-технические проблемы атомной энергетики и промышленности

Bibliografiske detaljer
Parent link:Физико-технические проблемы атомной энергетики и промышленности.— 2007.— С. 43
Hovedforfatter: Иванилова Т. С. Татьяна Сергеевна
Andre forfattere: Кашковский В. В., Кашковский В. В. Виктор Васильевич
Sprog:russisk
Udgivet: 2007
Fag:
Format: Book Chapter
KOHA link:https://koha.lib.tpu.ru/cgi-bin/koha/opac-detail.pl?biblionumber=130504

MARC

LEADER 00000naa2a2200000 4500
001 130504
005 20240126150109.0
035 |a (RuTPU)RU\TPU\book\141348 
090 |a 130504 
100 |a 20080205d2007 k y0rusy50 ca 
101 0 |a rus 
102 |a RU 
200 1 |a Динамика электронного пучка в бетатроне с азимутальной вариацией поля в начале процесса вывода  |f Т. С. Иванилова, В. В. Кашковский 
320 |a Библиогр.: 2 назв. 
463 0 |0 (RuTPU)RU\TPU\book\93764  |y 5-98298-125-7  |t Физико-технические проблемы атомной энергетики и промышленности  |o сборник тезисов докладов IV Международной научно-практической конференции; г. Томск, 7-8 июня 2007 г.  |f Томский политехнический университет (ТПУ); Сибирский химический комбинат  |v С. 43  |d 2007  |p 174 с. 
610 1 |a электронные пучки 
610 1 |a динамика 
610 1 |a бетатроны 
610 1 |a вывод 
610 1 |a малогабаритные бетатроны 
610 1 |a труды учёных ТПУ 
700 1 |a Иванилова  |b Т. С.  |c физик  |c инженер-проектировщик Томского политехнического университета  |f 1982-  |g Татьяна Сергеевна  |3 (RuTPU)RU\TPU\pers\27726  |9 12800 
701 1 |a Кашковский  |b В. В. 
701 1 |a Кашковский  |b В. В.  |c физик  |c доцент Томского политехнического университета, кандидат технических наук  |f 1945-  |g Виктор Васильевич  |3 (RuTPU)RU\TPU\pers\27084 
801 1 |a RU  |b 63413507  |c 20080205  |g PSBO 
801 2 |a RU  |b 63413507  |c 20170310  |g RCR 
942 |c BK